| 000 | 00709nam a22002055i 4500 | ||
|---|---|---|---|
| 001 | 171388 | ||
| 003 | ES-MaACL | ||
| 005 | 20230906214623.0 | ||
| 008 | 090513s1955 sp |||| | spa d | ||
| 100 | 0 |
_aSófocles. _9107023 |
|
| 245 | 1 | 0 |
_aDramas y tragedias / _cSófocles ; traducción, prólogo y notas por Agustín Blázquez. |
| 260 |
_aBarcelona : _bIberia, _c1955. |
||
| 300 |
_aXVI, 296 p. ; _c19 cm. |
||
| 490 | 1 | _aObras maestras | |
| 505 | 8 | _aContiene: Edipo Rey ; Edipo en Colona ; Antígona ; Electra ; Las Traquinias ; Filoctetes ; Ayax | |
| 700 | 1 |
_aBlázquez Fraile, Agustín. _9140112 |
|
| 830 | 0 |
_aObras maestras _9181001 |
|
| 852 |
_aES-MaACL _jC-10542 _9R.38237 |
||
| 999 |
_c171388 _d171388 |
||